000 00939cab a22001935a 4500
001 L142733
008 080304s2008 xxk f s 000 0 eng d
035 _a(Sirsi) u142733
041 0 _aeng
100 1 _aDenbee, Rose
245 0 0 _aFrom strength to strength
260 _c2008
490 _aProperty Forecast
_v11(2) February 2008, 8-9(2)
520 _aReports on the UK student accommodation, which has seen significant growth in recent years. Considers factors contributing to this, which include increases in student numbers since 2007, a strong increase in privately developed, purpose built accommodation and university led developments. This sector is now being seen as a unique asset class by both financial institutions and developers. Notes that both London and continental Europe both offer a number of opportunities.
590 _aKA
651 4 _aUnited Kingdom
_y
690 _aResidential property
_96266
942 _n0
999 _c79926
_d79926